[Event "TeamRussiawomen"]
[Site "?"]
[Date "2016.10.06"]
[Round "7.9"]
[White "Afanasieva, Alexandra"]
[Black "Vasilevich, Tatjana"]
[Result "0-1"]
[LiveChessVersion "1.4.4"]
[BlackElo "2400"]
[WhiteElo "1843"]

1. e4 {[%clk 0:15:19]} c5 {[%clk 0:15:19]} 2. Nf3 {[%clk 0:15:28]} a6
{[%clk 0:15:29]} 3. c4 {[%clk 0:15:37]} Nc6 {[%clk 0:15:38]} 4. d4
{[%clk 0:15:44]} cxd4 {[%clk 0:15:46]} 5. Nxd4 {[%clk 0:15:53]} Nf6
{[%clk 0:15:55]} 6. Nc3 {[%clk 0:15:59]} e5 {[%clk 0:15:58]} 7. Nc2
{[%clk 0:16:04]} Bc5 {[%clk 0:15:46]} 8. Be2 {[%clk 0:15:18]} d6 {[%clk 0:15:53]}
9. O-O {[%clk 0:15:21]} O-O {[%clk 0:16:01]} 10. Bg5 {[%clk 0:15:17]} Be6
{[%clk 0:16:01]} 11. Ne3 {[%clk 0:14:26]} h6 {[%clk 0:16:00]} 12. Bxf6
{[%clk 0:13:38]} Qxf6 {[%clk 0:16:09]} 13. Ncd5 {[%clk 0:13:20]} Qg5
{[%clk 0:14:42]} 14. Rc1 {[%clk 0:08:44]} Rad8 {[%clk 0:14:32]} 15. a3
{[%clk 0:08:28]} Bd4 {[%clk 0:14:02]} 16. b4 {[%clk 0:08:08]} Ne7
{[%clk 0:13:20]} 17. Nxe7+ {[%clk 0:08:01]} Qxe7 {[%clk 0:13:28]} 18. Nd5
{[%clk 0:07:54]} Bxd5 {[%clk 0:13:18]} 19. cxd5 {[%clk 0:07:59]} Rc8
{[%clk 0:09:26]} 20. Rc2 {[%clk 0:06:51]} Rc7 {[%clk 0:04:07]} 21. Bg4
{[%clk 0:06:24]} Qd8 {[%clk 0:03:20]} 22. Qc1 {[%clk 0:06:18]} Rxc2
{[%clk 0:03:06]} 23. Qxc2 {[%clk 0:06:26]} a5 {[%clk 0:03:13]} 24. bxa5
{[%clk 0:04:28]} Qxa5 {[%clk 0:03:20]} 25. Qb3 {[%clk 0:04:29]} b6 26. a4
{[%clk 0:02:41]} Qa7 {[%clk 0:02:48]} 27. Qb5 {[%clk 0:02:09]} Rd8
{[%clk 0:01:46]} 28. Rc1 {[%clk 0:02:00]} Bc5 {[%clk 0:01:52]} 29. h3
{[%clk 0:01:47]} Qe7 {[%clk 0:01:54]} 30. Rc2 {[%clk 0:01:23]} Ra8
{[%clk 0:01:42]} 31. Qc6 {[%clk 0:01:01]} Qa7 {[%clk 0:01:42]} 32. Bd7
{[%clk 0:00:41]} Rd8 {[%clk 0:01:32]} 33. Bg4 {[%clk 0:00:47]} Qa5
{[%clk 0:01:23]} 34. Rc1 {[%clk 0:00:19]} Qd2 {[%clk 0:00:50]} 35. Rf1
{[%clk 0:00:29]} Qd4 {[%clk 0:00:48]} 36. Bf3 {[%clk 0:00:31]} Rf8
{[%clk 0:00:36]} 37. Kh1 {[%clk 0:00:14]} Kh7 {[%clk 0:00:35]} 38. Qd7
{[%clk 0:00:15]} Kg8 {[%clk 0:00:25]} 39. Qc6 {[%clk 0:00:22]} Qd3
{[%clk 0:00:20]} 40. Kg1 {[%clk 0:00:27]} Qd4 {[%clk 0:00:28]} 41. Kh1
{[%clk 0:00:36]} Kh7 {[%clk 0:00:28]} 42. Qd7 {[%clk 0:00:44]} Kh8
{[%clk 0:00:20]} 43. Qe7 {[%clk 0:00:42]} Kg8 {[%clk 0:00:25]} 44. Qd7
{[%clk 0:00:48]} Ra8 {[%clk 0:00:24]} 45. Bh5 {[%clk 0:00:33]} Rf8
{[%clk 0:00:14]} 46. Bf3 {[%clk 0:00:40]} g6 {[%clk 0:00:16]} 47. Qc6
{[%clk 0:00:40]} Kg7 {[%clk 0:00:25]} 48. Kg1 {[%clk 0:00:38]} f5
{[%clk 0:00:24]} 49. exf5 {[%clk 0:00:41]} Rxf5 {[%clk 0:00:27]} 50. Qd7+
{[%clk 0:00:21]} Rf7 {[%clk 0:00:33]} 51. Qg4 {[%clk 0:00:22]} Rf4
{[%clk 0:00:21]} 52. Qd7+ {[%clk 0:00:31]} Rf7 {[%clk 0:00:30]} 53. Qg4
{[%clk 0:00:40]} Qxg4 {[%clk 0:00:29]} 54. Bxg4 {[%clk 0:00:45]} Rf4
{[%clk 0:00:22]} 55. Bd7 Rd4 {[%clk 0:00:27]} 56. Bc6 {[%clk 0:00:31]} Rd2
{[%clk 0:00:33]} 57. g3 {[%clk 0:00:33]} Kf6 {[%clk 0:00:29]} 58. Kg2
{[%clk 0:00:35]} e4 {[%clk 0:00:38]} 59. Kg1 {[%clk 0:00:21]} Ke5
{[%clk 0:00:47]} 60. h4 {[%clk 0:00:24]} g5 {[%clk 0:00:52]} 61. hxg5
{[%clk 0:00:29]} hxg5 {[%clk 0:01:02]} 62. Bb7 {[%clk 0:00:24]} Rb2
{[%clk 0:01:05]} 63. Bc6 {[%clk 0:00:28]} Ra2 {[%clk 0:01:14]} 64. Be8
{[%clk 0:00:30]} Ra3 {[%clk 0:01:07]} 65. Bc6 {[%clk 0:00:30]} Rxg3+
{[%clk 0:01:07]} 66. Kh2 {[%clk 0:00:35]} Rf3 {[%clk 0:01:11]} 67. Kg2
{[%clk 0:00:42]} Kf4 {[%clk 0:01:16]} 68. Bb5 {[%clk 0:00:46]} Rb3
{[%clk 0:01:15]} 69. Re1 {[%clk 0:00:22]} Ke5 {[%clk 0:01:14]} 70. Bc6
{[%clk 0:00:15]} Rb2 {[%clk 0:01:19]} 71. Rf1 {[%clk 0:00:14]} e3
{[%clk 0:01:23]} 72. Re1 {[%clk 0:00:11]} Kf4 {[%clk 0:01:13]} 73. Bb5
{[%clk 0:00:13]} Rxf2+ {[%clk 0:01:09]} 74. Kh1 {[%clk 0:00:17]} Bb4
{[%clk 0:01:01]} 75. Re2 Kf3 {[%clk 0:01:06]} 0-1

[Event "TeamRussiawomen"]
[Site "?"]
[Date "2016.10.06"]
[Round "7.10"]
[White "Gritsayeva, Oksana"]
[Black "Girshgorn, Maria"]
[Result "1-0"]
[LiveChessVersion "1.4.4"]
[BlackElo "1738"]
[WhiteElo "2330"]

1. b3 {[%clk 0:15:19]} d5 {[%clk 0:15:19]} 2. Bb2 {[%clk 0:15:28]} Nf6
{[%clk 0:15:26]} 3. e3 {[%clk 0:15:37]} c5 {[%clk 0:15:30]} 4. Nf3
{[%clk 0:15:46]} Nc6 {[%clk 0:15:39]} 5. Bb5 {[%clk 0:15:53]} Bg4
{[%clk 0:15:36]} 6. h3 {[%clk 0:16:01]} Bh5 {[%clk 0:15:42]} 7. O-O
{[%clk 0:16:06]} e6 {[%clk 0:15:51]} 8. Be2 {[%clk 0:15:54]} Bd6 {[%clk 0:15:50]}
9. c4 {[%clk 0:15:53]} O-O {[%clk 0:15:49]} 10. cxd5 {[%clk 0:15:05]} exd5
{[%clk 0:15:49]} 11. d4 {[%clk 0:15:05]} cxd4 {[%clk 0:15:28]} 12. Nxd4
{[%clk 0:14:57]} Bg6 {[%clk 0:15:27]} 13. Nc3 {[%clk 0:14:50]} a6
{[%clk 0:15:15]} 14. Rc1 {[%clk 0:14:44]} Qe7 {[%clk 0:14:55]} 15. Nxc6
{[%clk 0:13:22]} bxc6 {[%clk 0:15:01]} 16. Na4 {[%clk 0:13:31]} Qb7
{[%clk 0:14:08]} 17. Qd4 {[%clk 0:12:35]} Rfe8 {[%clk 0:13:37]} 18. Qb6
{[%clk 0:12:30]} Qxb6 {[%clk 0:11:27]} 19. Nxb6 {[%clk 0:12:39]} Ra7
{[%clk 0:10:54]} 20. Rxc6 {[%clk 0:12:38]} Be5 {[%clk 0:09:54]} 21. Bxe5
{[%clk 0:12:01]} Rxe5 {[%clk 0:09:55]} 22. Rd1 {[%clk 0:11:41]} Bf5
{[%clk 0:08:50]} 23. Bf3 {[%clk 0:11:27]} Be6 {[%clk 0:08:41]} 24. Nxd5
{[%clk 0:10:06]} Kf8 {[%clk 0:07:51]} 25. Nxf6 {[%clk 0:09:28]} gxf6
{[%clk 0:07:56]} 26. Rd4 Ke7 27. Bg4 {[%clk 0:07:25]} f5 {[%clk 0:07:28]} 28. Be2
{[%clk 0:07:23]} a5 {[%clk 0:06:32]} 29. Bc4 {[%clk 0:07:08]} Rd7
{[%clk 0:04:42]} 30. Rxd7+ {[%clk 0:06:15]} Kxd7 {[%clk 0:04:43]} 31. Ra6
{[%clk 0:06:17]} Bxc4 {[%clk 0:04:41]} 32. bxc4 {[%clk 0:06:26]} Rc5
{[%clk 0:04:50]} 33. Kf1 {[%clk 0:06:21]} Rxc4 {[%clk 0:04:49]} 34. Rxa5
{[%clk 0:06:28]} f4 {[%clk 0:04:54]} 35. exf4 {[%clk 0:06:21]} Rxf4
{[%clk 0:05:02]} 36. Ke2 {[%clk 0:06:26]} Re4+ {[%clk 0:04:52]} 37. Kf3
{[%clk 0:06:32]} Rc4 {[%clk 0:04:55]} 38. Ra6 {[%clk 0:06:28]} h5
{[%clk 0:04:45]} 39. g3 {[%clk 0:06:14]} Ke7 {[%clk 0:04:49]} 40. h4
{[%clk 0:06:16]} f6 {[%clk 0:04:41]} 41. Ra5 {[%clk 0:05:28]} Rc2
{[%clk 0:04:29]} 42. a4 {[%clk 0:05:26]} Rc4 {[%clk 0:04:37]} 43. Rxh5
{[%clk 0:05:13]} Rxa4 {[%clk 0:04:45]} 44. Rc5 {[%clk 0:05:13]} Kf7
{[%clk 0:04:45]} 45. Rc3 {[%clk 0:05:02]} Kg6 {[%clk 0:04:51]} 46. Re3
{[%clk 0:05:07]} Kf5 {[%clk 0:04:54]} 47. Kg2 {[%clk 0:05:07]} Kg4
{[%clk 0:04:40]} 48. f3+ {[%clk 0:04:51]} Kf5 {[%clk 0:04:34]} 49. Kh3
{[%clk 0:04:58]} Ra1 {[%clk 0:04:36]} 50. Rb3 {[%clk 0:05:06]} Kg6
{[%clk 0:04:35]} 51. g4 {[%clk 0:05:04]} Rh1+ {[%clk 0:04:02]} 52. Kg3
{[%clk 0:05:12]} Rg1+ {[%clk 0:04:11]} 53. Kf4 {[%clk 0:05:20]} Ra1
{[%clk 0:03:55]} 54. Rb6 {[%clk 0:05:02]} Ra4+ {[%clk 0:03:59]} 55. Kg3
{[%clk 0:05:11]} Rd4 {[%clk 0:04:01]} 56. g5 {[%clk 0:05:18]} Rd1
{[%clk 0:02:47]} 57. Rxf6+ {[%clk 0:05:26]} Kg7 {[%clk 0:02:52]} 58. h5
{[%clk 0:05:23]} Rg1+ {[%clk 0:02:56]} 59. Kf4 {[%clk 0:05:32]} Kh7
{[%clk 0:02:23]} 60. Rf7+ {[%clk 0:05:39]} Kh8 {[%clk 0:02:12]} 61. Rd7
{[%clk 0:05:43]} Ra1 {[%clk 0:02:17]} 62. Kg4 {[%clk 0:05:41]} Ra8
{[%clk 0:02:22]} 63. f4 {[%clk 0:05:44]} Ra4 {[%clk 0:02:28]} 64. g6
{[%clk 0:05:51]} Ra5 {[%clk 0:02:35]} 65. f5 {[%clk 0:05:45]} Ra4+
{[%clk 0:02:22]} 66. Kg5 {[%clk 0:05:53]} Ra8 {[%clk 0:02:25]} 67. f6
{[%clk 0:05:50]} Rc8 {[%clk 0:02:12]} 68. Kh6 {[%clk 0:05:21]} 1-0

[Event "TeamRussiawomen"]
[Site "?"]
[Date "2016.10.06"]
[Round "7.11"]
[White "Vyrtosu, Natalia"]
[Black "Ruchieva, Natalia"]
[Result "1/2-1/2"]
[LiveChessVersion "1.4.4"]
[BlackElo "2247"]
[WhiteElo "1640"]

1. d4 {[%clk 0:15:16]} d5 {[%clk 0:15:17]} 2. Nf3 {[%clk 0:15:22]} Nf6
{[%clk 0:15:26]} 3. Bf4 {[%clk 0:15:30]} c6 {[%clk 0:15:05]} 4. e3
{[%clk 0:15:33]} Bf5 {[%clk 0:15:00]} 5. c4 {[%clk 0:15:31]} e6 {[%clk 0:14:25]}
6. Nc3 {[%clk 0:15:35]} Bb4 {[%clk 0:13:14]} 7. Qb3 {[%clk 0:15:29]} Qe7
{[%clk 0:11:58]} 8. Be2 {[%clk 0:14:27]} dxc4 {[%clk 0:10:26]} 9. Bxc4
{[%clk 0:14:32]} Nd5 {[%clk 0:10:07]} 10. Bg3 {[%clk 0:14:09]} b5
{[%clk 0:09:04]} 11. Be2 {[%clk 0:13:09]} a5 {[%clk 0:08:18]} 12. a4
{[%clk 0:12:16]} O-O {[%clk 0:07:00]} 13. O-O {[%clk 0:12:08]} Bxc3
{[%clk 0:05:58]} 14. bxc3 {[%clk 0:12:00]} b4 {[%clk 0:05:58]} 15. cxb4
{[%clk 0:11:47]} Nxb4 {[%clk 0:05:41]} 16. Rfc1 {[%clk 0:10:59]} Nd7
{[%clk 0:05:37]} 17. Nd2 {[%clk 0:09:20]} Nf6 {[%clk 0:04:32]} 18. f3
{[%clk 0:08:59]} Nh5 {[%clk 0:03:44]} 19. Bf2 {[%clk 0:07:13]} Bg6
{[%clk 0:02:57]} 20. Nc4 {[%clk 0:06:39]} Rfb8 {[%clk 0:02:55]} 21. Qd1
{[%clk 0:06:18]} c5 {[%clk 0:02:24]} 22. dxc5 {[%clk 0:05:15]} Qxc5
{[%clk 0:02:28]} 23. e4 {[%clk 0:05:06]} Qe7 {[%clk 0:02:15]} 24. Be3
{[%clk 0:04:45]} Rd8 {[%clk 0:02:02]} 25. Qe1 {[%clk 0:03:25]} h6
{[%clk 0:01:17]} 26. Rc3 {[%clk 0:02:10]} Qf6 {[%clk 0:01:20]} 27. Rcc1
{[%clk 0:01:07]} Nf4 {[%clk 0:01:22]} 28. Bxf4 {[%clk 0:00:37]} Qxf4
{[%clk 0:01:30]} 29. Rc3 {[%clk 0:00:43]} Qf6 {[%clk 0:01:26]} 30. Rb1
{[%clk 0:00:38]} Rac8 {[%clk 0:01:14]} 31. Rcc1 {[%clk 0:00:34]} Qd4+
{[%clk 0:00:46]} 32. Kh1 {[%clk 0:00:43]} Qa7 {[%clk 0:00:51]} 33. Rd1
{[%clk 0:00:31]} Qc7 {[%clk 0:00:41]} 34. Rxd8+ {[%clk 0:00:33]} Rxd8
{[%clk 0:00:48]} 35. Rc1 {[%clk 0:00:39]} Qa7 {[%clk 0:00:49]} 36. Rd1
{[%clk 0:00:37]} Qc7 {[%clk 0:00:44]} 37. Rxd8+ {[%clk 0:00:26]} Qxd8
{[%clk 0:00:52]} 38. Qd1 {[%clk 0:00:29]} Qxd1+ {[%clk 0:00:30]} 39. Bxd1
{[%clk 0:00:38]} Nc6 {[%clk 0:00:38]} 40. Kg1 {[%clk 0:00:40]} f5
{[%clk 0:00:46]} 41. exf5 {[%clk 0:00:30]} exf5 {[%clk 0:00:45]} 42. Kf2
{[%clk 0:00:32]} Bf7 {[%clk 0:00:49]} 43. Be2 {[%clk 0:00:36]} Nd4
{[%clk 0:00:54]} 44. Nxa5 {[%clk 0:00:29]} Nxe2 {[%clk 0:00:56]} 45. Kxe2
{[%clk 0:00:38]} Be8 {[%clk 0:01:05]} 46. Nc4 {[%clk 0:00:39]} Bxa4
{[%clk 0:01:14]} 47. Nd6 {[%clk 0:00:38]} g6 {[%clk 0:01:19]} 48. f4
{[%clk 0:00:26]} Kg7 {[%clk 0:01:25]} 49. Ke3 {[%clk 0:00:27]} Kf6
{[%clk 0:01:33]} 50. Nc4 {[%clk 0:00:32]} Bc6 {[%clk 0:01:39]} 51. g3
{[%clk 0:00:40]} Be4 {[%clk 0:01:42]} 52. Nd2 {[%clk 0:00:33]} Bc6
{[%clk 0:01:51]} 53. h4 {[%clk 0:00:28]} g5 {[%clk 0:01:55]} 54. hxg5+
{[%clk 0:00:23]} hxg5 {[%clk 0:02:03]} 55. Nc4 {[%clk 0:00:29]} g4
{[%clk 0:02:00]} 56. Kd4 {[%clk 0:00:36]} Bg2 {[%clk 0:02:06]} 57. Kc5
{[%clk 0:00:35]} Ke6 {[%clk 0:02:14]} 58. Nd2 {[%clk 0:00:35]} Ba8
{[%clk 0:02:19]} 59. Nb3 {[%clk 0:00:40]} Be4 {[%clk 0:02:27]} 60. Nd4+
{[%clk 0:00:47]} Kf6 {[%clk 0:02:34]} 61. Kd6 {[%clk 0:00:52]} Bb1
{[%clk 0:02:40]} 62. Nb5 {[%clk 0:00:54]} Be4 {[%clk 0:02:45]} 63. Nc7
{[%clk 0:01:00]} Bb1 {[%clk 0:02:47]} 64. Nd5+ {[%clk 0:01:07]} Kg6
{[%clk 0:02:52]} 65. Ke5 {[%clk 0:01:12]} Kf7 {[%clk 0:02:52]} 66. Nc3
{[%clk 0:01:11]} Bc2 {[%clk 0:02:57]} 67. Ne2 {[%clk 0:01:17]} Kg6
{[%clk 0:03:04]} 68. Nd4 {[%clk 0:01:23]} Bd3 {[%clk 0:03:10]} 69. Nc6
{[%clk 0:01:28]} Kf7 {[%clk 0:03:17]} 70. Kd4 {[%clk 0:01:31]} Be4
{[%clk 0:03:25]} 71. Kc5 {[%clk 0:01:29]} Ke6 {[%clk 0:03:27]} 72. Nd4+
{[%clk 0:01:37]} Ke7 {[%clk 0:03:32]} 73. Nb5 {[%clk 0:01:29]} Ke6
{[%clk 0:03:38]} 74. Nc3 {[%clk 0:01:18]} Bc2 {[%clk 0:03:42]} 75. Ne2
{[%clk 0:01:06]} Be4 {[%clk 0:03:48]} 76. Nd4+ {[%clk 0:00:29]} Ke7
{[%clk 0:03:54]} 77. Nc6+ {[%clk 0:00:36]} Ke6 {[%clk 0:04:00]} 78. Ne5
{[%clk 0:00:41]} Bc2 {[%clk 0:04:01]} 79. Nc4 {[%clk 0:00:21]} 1/2-1/2

[Event "TeamRussiawomen"]
[Site "?"]
[Date "2016.10.06"]
[Round "7.12"]
[White "Potapova, Margarita"]
[Black "Bondareva, Daria"]
[Result "1-0"]
[LiveChessVersion "1.4.4"]
[BlackElo "1734"]
[WhiteElo "2002"]

1. e4 {[%clk 0:15:18]} e5 {[%clk 0:15:20]} 2. Nf3 {[%clk 0:15:24]} Nc6
{[%clk 0:15:29]} 3. Bb5 {[%clk 0:15:32]} a6 {[%clk 0:15:37]} 4. Ba4
{[%clk 0:15:40]} Nge7 {[%clk 0:15:46]} 5. O-O {[%clk 0:15:45]} g6
{[%clk 0:15:55]} 6. c3 {[%clk 0:15:34]} Bg7 {[%clk 0:16:03]} 7. d4
{[%clk 0:15:39]} exd4 {[%clk 0:16:12]} 8. cxd4 {[%clk 0:15:47]} b5
{[%clk 0:16:20]} 9. Bb3 {[%clk 0:15:49]} d6 {[%clk 0:16:28]} 10. h3
{[%clk 0:15:29]} O-O {[%clk 0:16:34]} 11. Nc3 {[%clk 0:15:37]} Na5
{[%clk 0:16:03]} 12. Bc2 {[%clk 0:15:31]} c5 {[%clk 0:15:44]} 13. Bg5
{[%clk 0:14:32]} h6 {[%clk 0:15:22]} 14. Bh4 {[%clk 0:14:28]} Nac6
{[%clk 0:14:09]} 15. d5 {[%clk 0:13:07]} Nd4 {[%clk 0:12:04]} 16. Nxd4
{[%clk 0:13:03]} Bxd4 {[%clk 0:12:06]} 17. Qc1 {[%clk 0:12:51]} Kh7
{[%clk 0:08:58]} 18. Ne2 {[%clk 0:12:41]} Bg7 {[%clk 0:09:05]} 19. Rb1
{[%clk 0:12:28]} b4 {[%clk 0:06:55]} 20. Bd3 {[%clk 0:12:07]} Qc7
{[%clk 0:06:25]} 21. Kh1 {[%clk 0:11:39]} Ng8 {[%clk 0:06:14]} 22. Ng1
{[%clk 0:11:34]} f5 {[%clk 0:05:26]} 23. Qc2 {[%clk 0:08:16]} fxe4
{[%clk 0:04:19]} 24. Bxe4 {[%clk 0:08:23]} Bf5 {[%clk 0:04:27]} 25. Rfe1
{[%clk 0:07:56]} Qd7 {[%clk 0:02:55]} 26. b3 {[%clk 0:06:45]} Rae8
{[%clk 0:01:53]} 27. f3 {[%clk 0:05:53]} a5 {[%clk 0:00:39]} 28. Rbd1
{[%clk 0:05:06]} Be5 {[%clk 0:00:29]} 29. Ne2 {[%clk 0:04:54]} Bxe4
{[%clk 0:00:19]} 30. fxe4 {[%clk 0:04:56]} Qg7 {[%clk 0:00:16]} 31. Bg3
{[%clk 0:03:25]} Rf7 {[%clk 0:00:25]} 32. Bxe5 {[%clk 0:02:51]} Qxe5
{[%clk 0:00:34]} 33. Ng1 {[%clk 0:02:49]} Qg3 {[%clk 0:00:15]} 34. Rf1
{[%clk 0:02:05]} Rfe7 {[%clk 0:00:22]} 35. Rf3 {[%clk 0:01:54]} Qe5
{[%clk 0:00:31]} 36. Rdf1 {[%clk 0:01:41]} Kg7 {[%clk 0:00:18]} 37. Rf4
{[%clk 0:00:59]} g5 {[%clk 0:00:12]} 38. Rf5 {[%clk 0:01:05]} Qxe4
{[%clk 0:00:19]} 39. Qb2+ {[%clk 0:01:03]} Re5 {[%clk 0:00:17]} 40. Rf7+
{[%clk 0:00:59]} Kg6 {[%clk 0:00:26]} 41. Nf3 {[%clk 0:00:28]} Kxf7
{[%clk 0:00:12]} 42. Nxg5+ {[%clk 0:00:25]} Kg6 {[%clk 0:00:21]} 43. Nxe4
{[%clk 0:00:29]} Rxe4 {[%clk 0:00:31]} 44. Qf2 {[%clk 0:00:30]} R8e7
{[%clk 0:00:19]} 45. Qf8 {[%clk 0:00:36]} Re1 {[%clk 0:00:25]} 46. Qxg8+
{[%clk 0:00:29]} Rg7 {[%clk 0:00:27]} 47. Qf8 {[%clk 0:00:37]} Rxf1+
{[%clk 0:00:30]} 48. Qxf1 {[%clk 0:00:45]} Re7 {[%clk 0:00:32]} 49. Qd3+
{[%clk 0:00:52]} Kg7 {[%clk 0:00:23]} 50. Qg3+ {[%clk 0:00:59]} Kh7
{[%clk 0:00:27]} 51. Qxd6 {[%clk 0:01:04]} Re2 {[%clk 0:00:14]} 52. Qc7+
{[%clk 0:01:05]} Kg6 {[%clk 0:00:17]} 53. d6 {[%clk 0:00:56]} 1-0